Les villes les plus peuplées de France commençant par M - Statistiques

Statistiques générales
  • Ce quiz a été pris 105 fois
    104 depuis la dernière actualisation
  • Le résultat moyen est 9 sur 15
Statistiques - réponses
Départements Population Villes % Correct
Bouches du Rhône 871 000 Marseille
100%
Hérault 296 000 Montpellier
94%
Sarthe (Le) 143 000 Le Mans
91%
Haut Rhin 108 000 Mulhouse
90%
Moselle 121 000 Metz
89%
Gironde 72 000 Mérignac
60%
Tarn et Garonne 61 000 Montauban
60%
Seine Saint Denis 111 000 Montreuil
60%
Seine et Marne 56 000 Meaux
51%
Bouches du Rhône 48 000 Martigues
48%
Yvelines 44 000 Mantes-la-Jolie
37%
Essonne 51 000 Massy
29%
Hauts de Seine 46 000 Meudon
27%
Val de Marne 56 000 Maisons-Alfort
24%
Hauts de Seine 48 000 Montrouge
24%
Aucun quiz correspondant
Distribution des résultats
% des personnes avec chaque résultat
Percentile par nombre de réponses
Votre historique - résultats
Vous n’avez pas pris ce quiz depuis la dernière actualisation